000 006200000a22001810004500
003 MACL
005 20160514120445.0
008 160514b xxu||||| |||| 00| 0 eng d
040 _aMACL
_cMACL
041 _aHindi
082 _a891.433
100 _aइस्‍सर, देवेन्‍द्र
_917508
245 _aउर्दू की प्रतिनिधि कहानियॉ
_cदेवेन्‍द्र इस्‍सर
260 _bसाहित्‍य भारती
_c2000
_aदिल्‍ली
350 _a200
650 _aStories
_956924
942 _cHIN
_k891.434/ISS/s
_2ddc
999 _c9686
_d9686